000 02272cam a22005174a 4500
001 ocm62085400
003 TZ-ArACH
005 20130510132123.0
008 051006s2006 enk b 001 0 eng
010 _a 2005029329
015 _aGBA619049
_2bnb
016 7 _a013391610
_2Uk
020 _a0521857597
020 _a9780521852791
035 _a(OCoLC)62085400
_z(OCoLC)63397903
040 _aDLC
_beng
_cTZ-ArACH
_dBAKER
_dC#P
_dUKM
_dIG#
_dNLGGC
_dSTF
_dBTCTA
_dYDXCP
_dYLS
_dLVB
_dHEBIS
_dYUS
_dOCLCO
_dUKMGB
041 _aEng
042 _apcc
043 _ae-gr---
049 _aTZAA
050 0 0 _aKL4361
_b.H37
082 0 0 _a340.5/38
_222
084 _a15.51
_2bcl
100 1 _aHarris, Edward Monroe.
_910051
245 1 0 _aDemocracy and the rule of law in classical Athens : essays on law, society, and politics /
_bessays on law, society, and politics /
_cEdward M. Harris.
260 _aCambridge ;
_aNew York :
_bCambridge University Press,
_c2006.
300 _axxxii, 486 p. ;
_c24 cm.
504 _aIncludes bibliographical references (p. 431-450) and indexes.
505 0 _aLaw and constitutional history -- Law and economy -- Law and the family -- Aspects of procedure -- Envoi.
650 0 _aConstitutional history
_zGreece
_zAthens
_yTo 146 B.C.
_910052
650 0 _aRule of law (Greek law)
_910053
650 0 _aDemocracy
_zGreece
_zAthens
_xHistory.
_910054
650 0 _aLaw, Greek.
_910055
650 6 _aRègle de droit
_zGrèce
_zAthènes.
_910056
650 6 _aDémocratie
_zGrèce
_zAthènes
_xHistoire.
_910057
650 6 _aDroit grecque
_910058
651 6 _aAthènes (Grèce)
_xHistoire constitutionnelle.
_910059
651 7 _aAthen.
_2swd
_910060
856 4 1 _3Table of contents only
_uhttp://catdir.loc.gov/catdir/toc/ecip061/2005029329.html
856 4 2 _3Publisher description
_uhttp://catdir.loc.gov/catdir/enhancements/fy0633/2005029329-d.html
856 4 2 _3Contributor biographical information
_uhttp://catdir.loc.gov/catdir/enhancements/fy0733/2005029329-b.html
856 4 1 _3ebrary
_uhttp://site.ebrary.com/id/10130445
856 4 1 _3MyiLibrary
_uhttp://www.myilibrary.com?id=48038
942 _2lcc
_cBOOK
999 _c2222
_d2222